Perspectivas de la cooperación hemisférica entre América Latina y el Caribe con EE.UU
Guardat en:
| Format: | Text |
|---|---|
| Matèries: | |
| Etiquetes: |
Afegir etiqueta
Sense etiquetes, Sigues el primer a etiquetar aquest registre!
|
MARC
| LEADER | 00000 a a2200000 04500 | ||
|---|---|---|---|
| 001 | 2484 | ||
| 003 | |||
| 040 | |||
| 245 | |a Perspectivas de la cooperación hemisférica entre América Latina y el Caribe con EE.UU | ||
| 500 | |a Resumen del documento "Las relaciones entre Estados Unidos y América Latina y el Caribe: perspectivas parala cooperación hemisférica" (SP/CL/XX:O/DT nn. 8), presentado en la etapa ministerial del XX Consejo Latinoamericano del SELA, México, 2-3 junio 1994 | ||
| 650 | |a COOPERACION INTERNACIONAL | ||
| 650 | |a COOPERACION ECONOMICA | ||
| 650 | |a COMERCIO INTERNACIONAL | ||
| 650 | |a COOPERACION TECNICA | ||
| 650 | |a INTEGRACION REGIONAL | ||
| 650 | |a INVERSIONES EXTRANJERAS | ||
| 773 | |g número 39; páginas 7-19 | ||
| 999 | |c 29056 |d 29056 | ||
